Екзистенція підлітка у повісті Дж. Д. Селінджера "Над прірвою у житті" (Запис № 282616)

МАРК-запис
000 -LEADER
fixed length control field 01873nam a22001577a 4500
041 ## - LANGUAGE CODE
Language code of text/sound track or separate title ukr
080 ## - UNIVERSAL DECIMAL CLASSIFICATION NUMBER
Universal Decimal Classification number 09
090 ## - LOCALLY ASSIGNED LC-TYPE CALL NUMBER (OCLC); LOCAL CALL NUMBER (OCLC)
Local cutter number (OCLC) ; Book number/undivided call number, CALL (RLIN) ЧАЙ
100 ## - MAIN ENTRY--PERSONAL NAME
Personal name Чайка Н. В.
245 ## - TITLE STATEMENT
Title Екзистенція підлітка у повісті Дж. Д. Селінджера "Над прірвою у житті"
260 ## - PUBLICATION, DISTRIBUTION, ETC. (IMPRINT)
Place of publication, distribution, etc Острог
Name of publisher, distributor, etc КАФ
Date of publication, distribution, etc 2004
300 ## - PHYSICAL DESCRIPTION
Extent 50
520 ## - SUMMARY, ETC.
Summary, etc Розділ 1. Відображення відносин між особистістю та суспільством в американській літературі 20-го століття.<br/>1.1. Категорія відчуження в американській прозі першої половини 20-го століття.<br/>1.2. Основні мотиви американської літератури після Другої світової війни.<br/>Розділ 2. Дж.Д.Селінджер та його книга "Над прірвою у житі".<br/>2.1. Роль повісті Дж. Д. Селінджера "Над прірвою у житі" в американській літературі.<br/>2.2. Проблема жанру твору Дж. Д. Селінджера "Над прірвою у житі".<br/>Розділ 3. Проблема становлення підлітка як особистості у повісті "Над прірвою у житі".<br/>3.1. Атмосфера шкільного життя.<br/>3.2. Нью-Йорк і самотній підліток.<br/>3.3. Усвідомлення Голденом істини світу.<br/>Розділ 4. Екзистенція Голденом Колфілда.<br/>4.1. Нонконформізм підлітка.<br/>4.2. Особливості екзистенції Голдена Колфілда.
-- Екзистенція, жанр, проблематика.
650 ## - SUBJECT ADDED ENTRY--TOPICAL TERM
Topical term or geographic name as entry element Research Papers
942 ## - ADDED ENTRY ELEMENTS (KOHA)
Koha item type Книги
Фонди
Withdrawn status Lost status Source of classification or shelving scheme Damaged status Not for loan Home library Current library Date acquired Source of acquisition Coded location qualifier Cost, normal purchase price Total Checkouts Full call number Barcode Date last seen Price effective from Koha item type
    Universal Decimal Classification     ВІЛ - Відділ іноземн. літератури НБ ВІЛ - Відділ іноземн. літератури НБ 08/08/2005 Акт В12 1.00   09 210178 20/12/2021 16/12/2004 Книги